5HLuxD.jpg

KING HENRY VIII SENIOR AND PRIMARY SCHOOL LIBRARY OPAC

Cleopatra / (Record no. 1503)

000 -LEADER
fixed length control field 01450cam a2200337 i 4500
001 - CONTROL NUMBER
control field 18619230
003 - CONTROL NUMBER IDENTIFIER
control field OSt
005 - DATE AND TIME OF LATEST TRANSACTION
control field 20230103122141.0
008 - FIXED-LENGTH DATA ELEMENTS--GENERAL INFORMATION
fixed length control field 150515s2015 dcuab j 001 0beng
010 ## - LIBRARY OF CONGRESS CONTROL NUMBER
LC control number 2015017599
020 ## - INTERNATIONAL STANDARD BOOK NUMBER
International Standard Book Number 9781426321375 (pbk. : alk. paper)
040 ## - CATALOGING SOURCE
Original cataloging agency DLC
Language of cataloging eng
Transcribing agency DLC
Description conventions rda
Modifying agency DLC
-- KH8
042 ## - AUTHENTICATION CODE
Authentication code pcc
043 ## - GEOGRAPHIC AREA CODE
Geographic area code f-ua---
082 00 - DEWEY DECIMAL CLASSIFICATION NUMBER
Classification number 932.021092 KRA
Edition number 23
100 1# - MAIN ENTRY--PERSONAL NAME
Personal name Kramer, Barbara.
Relator term author
245 10 - TITLE STATEMENT
Title Cleopatra /
Statement of responsibility, etc. by Barbara Kramer.
264 #1 - PRODUCTION, PUBLICATION, DISTRIBUTION, MANUFACTURE, AND COPYRIGHT NOTICE
Place of production, publication, distribution, manufacture Washington, DC :
Name of producer, publisher, distributor, manufacturer National Geographic,
Date of production, publication, distribution, manufacture, or copyright notice 2015.
300 ## - PHYSICAL DESCRIPTION
Extent 48 pages :
Other physical details color illustrations, color map ;
Dimensions 24 cm.
336 ## - CONTENT TYPE
Content type term text
Source rdacontent
337 ## - MEDIA TYPE
Media type term unmediated
Source rdamedia
338 ## - CARRIER TYPE
Carrier type term volume
Source rdacarrier
490 0# - SERIES STATEMENT
Series statement National Geographic readers
500 ## - GENERAL NOTE
General note Includes index.
505 0# - FORMATTED CONTENTS NOTE
Formatted contents note Who was Cleopatra? -- Birth of a queen -- A star student -- In her time -- A fight for power -- A sneaky plan -- The comeback queen -- A celebration -- A royal son -- A change in power -- Meeting the queen -- On her own -- Cool facts about Cleopatra -- Trouble ahead -- The last queen of Egypt -- Cleopatra lives on -- Quiz whiz! -- Glossary.
600 00 - SUBJECT ADDED ENTRY--PERSONAL NAME
Personal name Cleopatra,
Titles and other words associated with a name Queen of Egypt,
Dates associated with a name -30 B.C.
Form subdivision Juvenile literature.
650 #0 - SUBJECT ADDED ENTRY--TOPICAL TERM
Topical term or geographic name entry element Queens
Geographic subdivision Egypt
Form subdivision Biography
-- Juvenile literature.
906 ## - LOCAL DATA ELEMENT F, LDF (RLIN)
a 7
b cbc
c orignew
d 1
e ecip
f 20
g y-gencatlg
942 ## - ADDED ENTRY ELEMENTS (KOHA)
Source of classification or shelving scheme
Koha item type Books - Non Ficton
Holdings
Withdrawn status Lost status Source of classification or shelving scheme Damaged status Not for loan Collection code Permanent Location Current Location Shelving location Date acquired Total Checkouts Full call number Barcode Date last seen Date last checked out Price effective from Koha item type
          Non-Fiction KH8 Primary School Library KH8 Primary School Library Non Fiction 2023-01-03 1 932.021092 KRA KHPL000003283 2025-12-05 2024-10-24 2023-01-03 Books - Non Ficton

Powered By KH8 IT Dept